[Event "Titled Tuesday intern op 02nd Apr Late"]
[Site "Chess.com INT"]
[Date "2024.04.02"]
[Round "6"]
[White "Brahami, Lamine"]
[Black "Rohwer, Paul"]
[Result "0-1"]
[WhiteElo "2188"]
[BlackElo "2225"]
[PlyCount "80"]
[EventDate "2024.04.02"]
[EventType "swiss (blitz)"]
[EventRounds "11"]
[EventCountry "USA"]
[SourceTitle "CB15_2024"]
[SourceDate "2024.04.10"]
[SourceVersion "1"]
[SourceVersionDate "2024.04.10"]
[SourceQuality "1"]

1. d4 c5 2. e3 d5 3. Nf3 Nc6 4. Be2 e6 5. 0-0 Nf6 6. b3 Be7 7. Bb2 0-0 8. Nbd2 b6 9. a3 Bb7 10. c4 Rc8 11. Rc1 cxd4 12. exd4 dxc4 13. Nxc4 Nd5 14. Nce5 Nxe5 15. Nxe5 Rxc1 16. Bxc1 Bd6 17. Nc4 Nc3 18. Qd2 Nxe2+ 19. Qxe2 Bc7 20. Be3 b5 21. Ne5 Qd5 22. Nf3 Qxb3 23. Rc1 Bd6 24. h3 Bxa3 25. Rc7 Qb1+ 26. Qf1 Qxf1+ 27. Kxf1 Bxf3 28. gxf3 a5 29. Rb7 b4 30. Bf4 a4 31. Bd6 Ra8 32. Ke2 g6 33. Kd3 Bb2 34. Bxb4 a3 35. Bxa3 Bxa3 36. Ke4 Bf8 37. f4 Bg7 38. Rd7 Kf8 39. f3 Ke8 40. Rd6 Ra4 0-1

[Event "Titled Tuesday intern op 29th Aug Late"]
[Site "Chess.com INT"]
[Date "2023.08.29"]
[Round "2"]
[White "Brahami, Lamine"]
[Black "Dubnevych, Maksym"]
[Result "0-1"]
[WhiteElo "2178"]
[BlackElo "2391"]
[PlyCount "68"]
[EventDate "2023.08.29"]
[EventType "swiss (blitz)"]
[EventRounds "11"]
[EventCountry "USA"]
[SourceTitle "EXT 2024"]
[Source "ChessBase"]
[SourceDate "2023.10.10"]
[SourceVersion "1"]
[SourceVersionDate "2023.10.10"]
[SourceQuality "1"]

1. d4 Nf6 2. c4 e6 3. Nf3 d5 4. Nc3 c5 5. cxd5 cxd4 6. Qxd4 exd5 7. Bg5 Be7 8. e3 0-0 9. Be2 Nc6 10. Qd1 h6 11. Bf4 Be6 12. 0-0 Qb6 13. Na4 Qa5 14. a3 Ne4 15. b4 Qd8 16. b5 Na5 17. Nd4 Bd7 18. Bd3 Rc8 19. Bxe4 dxe4 20. Qb1 a6 21. Qxe4 axb5 22. Nb2 Re8 23. Qf3 Bf6 24. Rfd1 Qb6 25. Nd3 Bxd4 26. exd4 Nb3 27. Nc5 Nxa1 28. Nxd7 Qe6 29. Ne5 Nc2 30. Qxb7 f6 31. Nf3 Nxd4 32. Be3 Nxf3+ 33. Qxf3 Rc3 34. Qb7 Rxe3 0-1

[Event "Titled Tuesday intern op 22nd Aug Late"]
[Site "Chess.com INT"]
[Date "2023.08.22"]
[Round "5"]
[White "Brahami, Lamine"]
[Black "Negron Lizarazo, Juan Sebastian"]
[Result "1-0"]
[WhiteElo "2178"]
[BlackElo "1689"]
[PlyCount "61"]
[EventDate "2023.08.22"]
[EventType "swiss (blitz)"]
[EventRounds "11"]
[EventCountry "USA"]
[SourceTitle "EXT 2024"]
[Source "ChessBase"]
[SourceDate "2023.10.10"]
[SourceVersion "1"]
[SourceVersionDate "2023.10.10"]
[SourceQuality "1"]

1. d4 Nf6 2. Nf3 g6 3. c4 d5 4. Nc3 Bg7 5. cxd5 Nxd5 6. e4 Nxc3 7. bxc3 c5 8. Bb5+ Bd7 9. Bxd7+ Qxd7 10. 0-0 0-0 11. Be3 Nc6 12. Rb1 cxd4 13. cxd4 b6 14. d5 Ne5 15. Nxe5 Bxe5 16. f4 Bg7 17. f5 gxf5 18. Rxf5 Kh8 19. Qf3 e6 20. Rh5 f5 21. dxe6 Qxe6 22. exf5 Qf7 23. Rf1 Rae8 24. Bg5 Bf6 25. Bh6 Rg8 26. Kh1 Qxa2 27. g4 Qf7 28. g5 Bd4 29. Bf8 Rexf8 30. g6 Qf6 31. Rxh7# 1-0

[Event "Titled Tuesday intern op 22nd Aug Late"]
[Site "Chess.com INT"]
[Date "2023.08.22"]
[Round "4"]
[White "Petersson, Kjell"]
[Black "Brahami, Lamine"]
[Result "1-0"]
[WhiteElo "2040"]
[BlackElo "2178"]
[PlyCount "49"]
[EventDate "2023.08.22"]
[EventType "swiss (blitz)"]
[EventRounds "11"]
[EventCountry "USA"]
[SourceTitle "EXT 2024"]
[Source "ChessBase"]
[SourceDate "2023.10.10"]
[SourceVersion "1"]
[SourceVersionDate "2023.10.10"]
[SourceQuality "1"]

1. d4 Nf6 2. Bf4 d5 3. e3 c5 4. c3 Nc6 5. Nd2 g6 6. h4 cxd4 7. exd4 h5 8. Ngf3 Bg7 9. Bd3 0-0 10. 0-0 Bg4 11. Qc2 e6 12. Ne5 Bf5 13. Ndf3 Rc8 14. Bxf5 exf5 15. Qb3 Na5 16. Qa4 Ng4 17. Rfe1 Nc4 18. Nxc4 Rxc4 19. Qxa7 b5 20. Qa6 b4 21. Rac1 bxc3 22. bxc3 Bf6 23. Ng5 Qd7 24. f3 Nh6 25. Qxf6 1-0

[Event "Titled Tuesday intern op 22nd Aug Late"]
[Site "Chess.com INT"]
[Date "2023.08.22"]
[Round "11"]
[White "Ronka, Erik"]
[Black "Brahami, Lamine"]
[Result "0-1"]
[WhiteElo "2273"]
[BlackElo "2178"]
[PlyCount "66"]
[EventDate "2023.08.22"]
[EventType "swiss (blitz)"]
[EventRounds "11"]
[EventCountry "USA"]
[SourceTitle "EXT 2024"]
[Source "ChessBase"]
[SourceDate "2023.10.10"]
[SourceVersion "1"]
[SourceVersionDate "2023.10.10"]
[SourceQuality "1"]

1. Nc3 Nf6 2. d4 d5 3. Bf4 e6 4. Nb5 Na6 5. a3 c6 6. Nc3 Bd6 7. Bg3 0-0 8. Nf3 b6 9. Ne5 Bb7 10. e3 c5 11. Bd3 cxd4 12. exd4 Ne4 13. Qh5 f5 14. f3 Nxc3 15. bxc3 Rc8 16. Bf4 Rxc3 17. g4 Rxd3 18. cxd3 b5 19. Rg1 Qa5+ 20. Bd2 Qb6 21. gxf5 Bxe5 22. f6 Bxf6 23. Be3 e5 24. Rc1 exd4 25. Bh6 Qe6+ 26. Kd1 Re8 27. Bd2 Qe2+ 28. Kc2 Rc8+ 29. Kb3 Qxd3+ 30. Bc3 Qc4+ 31. Kb2 dxc3+ 32. Kc2 Qe2+ 33. Kb3 Qb2# 0-1

[Event "Titled Tuesday intern op 04th Apr Early"]
[Site "Chess.com INT"]
[Date "2023.04.04"]
[Round "9"]
[White "Brahami, Lamine"]
[Black "Sanchez, Roberto Daniel"]
[Result "1-0"]
[WhiteElo "2178"]
[BlackElo "1966"]
[PlyCount "32"]
[EventDate "2023.04.04"]
[EventType "swiss (blitz)"]
[EventRounds "11"]
[EventCountry "USA"]
[SourceTitle "EXT 2024"]
[Source "ChessBase"]
[SourceDate "2023.10.10"]
[SourceVersion "1"]
[SourceVersionDate "2023.10.10"]
[SourceQuality "1"]

1. d4 Nf6 2. Nf3 g6 3. g3 Bg7 4. Bg2 d6 5. 0-0 0-0 6. c4 Nbd7 7. Nc3 e5 8. d5 h6 9. e4 Ne8 10. Ne1 f5 11. f3 f4 12. Nd3 fxg3 13. hxg3 Ndf6 14. c5 Nh5 15. Kf2 Nef6 16. Ne2 Nxe4+ 1-0

[Event "Titled Tuesday intern op 04th Apr Late"]
[Site "Chess.com INT"]
[Date "2023.04.04"]
[Round "8"]
[White "Joubert, Dantelle"]
[Black "Brahami, Lamine"]
[Result "1/2-1/2"]
[WhiteElo "1566"]
[BlackElo "2178"]
[PlyCount "113"]
[EventDate "2023.04.04"]
[EventType "swiss (blitz)"]
[EventRounds "11"]
[EventCountry "USA"]
[SourceTitle "EXT 2024"]
[Source "ChessBase"]
[SourceDate "2023.10.10"]
[SourceVersion "1"]
[SourceVersionDate "2023.10.10"]
[SourceQuality "1"]

1. d4 c6 2. c4 d5 3. Nc3 dxc4 4. a4 Nf6 5. Nf3 Nd5 6. e4 Nxc3 7. bxc3 b5 8. axb5 cxb5 9. Be2 e6 10. 0-0 Bb7 11. Qc2 Be7 12. Be3 0-0 13. Rfd1 Nd7 14. e5 Nb6 15. h4 Nd5 16. Bg5 h6 17. Bxe7 Qxe7 18. Nd2 Qxh4 19. g3 Qh3 20. Bf3 Nf4 21. Ne4 Nd3 22. Rxd3 cxd3 23. Qxd3 Qf5 24. Qe3 a6 25. Bg2 Qg6 26. Bf3 Bd5 27. Kg2 f5 28. exf6 gxf6 29. Rh1 Kg7 30. Rh4 f5 31. Nd2 Bxf3+ 32. Nxf3 Rac8 33. Ne5 Qg5 34. f4 Qf6 35. Nd7 Qg6 36. Qe5+ Kh7 37. Nxf8+ Rxf8 38. Qc7+ Rf7 39. Qb6 Rg7 40. Rh3 Qxg3+ 41. Rxg3 Rxg3+ 42. Kxg3 Kg6 43. Qxe6+ Kh5 44. Qxa6 b4 45. Qb5 bxc3 46. Qc4 c2 47. Qxc2 Kg6 48. Qd3 h5 49. d5 h4+ 50. Kh3 Kf6 51. d6 Kg6 52. Kxh4 Kh6 53. d7 Kg6 54. d8Q Kg7 55. Q8d6 Kf7 56. Q3d5+ Ke8 57. Qb7 1/2-1/2

[Event "Africa-ch U20"]
[Site "Bejaia"]
[Date "2022.11.17"]
[Round "7"]
[White "Nhamuave, Eleazar"]
[Black "Brahami, Lamine"]
[Result "0-1"]
[WhiteElo "1706"]
[BlackElo "2210"]
[PlyCount "99"]
[EventDate "2022.11.13"]
[EventType "swiss"]
[EventRounds "9"]
[EventCountry "ALG"]
[SourceTitle "CBM 211 Extra"]
[Source "ChessBase"]
[SourceDate "2023.01.31"]
[SourceVersion "1"]
[SourceVersionDate "2023.01.31"]
[SourceQuality "1"]

1. Nf3 Nf6 2. g3 g6 3. Bg2 Bg7 4. 0-0 0-0 5. d4 d6 6. c4 Na6 7. Nc3 c5 8. d5 Bf5 9. Nh4 Bd7 10. h3 Nc7 11. Qd3 Rb8 12. Nb5 Nxb5 13. cxb5 a6 14. bxa6 bxa6 15. Qc2 a5 16. Rb1 Qc7 17. Kh2 Bb5 18. Re1 Qb7 19. Qd1 a4 20. Bd2 Bc4 21. Bc3 Bxa2 22. Ra1 Bb3 23. Qd2 Nd7 24. Bxg7 Kxg7 25. Qg5 f6 26. Qg4 Ne5 27. Qe6 Rfe8 28. e4 Qc8 29. Qxc8 Rexc8 30. Bf1 Bc2 31. f4 Nd3 32. Bxd3 Bxd3 33. Rxa4 Rxb2+ 34. Kg1 c4 35. e5 fxe5 36. fxe5 c3 37. Raa1 c2 38. Rac1 Rb1 39. exd6 Rxc1 40. Rxc1 exd6 41. Kf2 Re8 42. Ng2 Rb8 43. Nf4 Bf5 44. Ke2 Rb1 45. Kd2 Rxc1 46. Kxc1 Kf6 47. Ng2 Ke5 48. Ne3 Kd4 49. Nxf5+ gxf5 50. Kd2 0-1

[Event "Africa-ch U20"]
[Site "Bejaia"]
[Date "2022.11.14"]
[Round "2"]
[White "Hallal, Tarik"]
[Black "Brahami, Lamine"]
[Result "1/2-1/2"]
[WhiteElo "1890"]
[BlackElo "2210"]
[PlyCount "68"]
[EventDate "2022.11.13"]
[EventType "swiss"]
[EventRounds "9"]
[EventCountry "ALG"]
[SourceTitle "CBM 211 Extra"]
[Source "ChessBase"]
[SourceDate "2023.01.31"]
[SourceVersion "1"]
[SourceVersionDate "2023.01.31"]
[SourceQuality "1"]

1. e4 c5 2. d4 cxd4 3. c3 d5 4. exd5 Qxd5 5. cxd4 Nc6 6. Nf3 Bg4 7. Nc3 Qa5 8. d5 Rd8 9. Bd2 Nb8 10. Nb5 Bxf3 11. gxf3 Qb6 12. Qa4 Rd7 13. Ba5 Qf6 14. Nc7+ Kd8 15. Na6+ b6 16. Nxb8 Qe5+ 17. Be2 Qxb8 18. Bb4 Nf6 19. 0-0 e6 20. dxe6 fxe6 21. Rfd1 Nd5 22. Bb5 Rf7 23. Bc6 Rf5 24. Bxd5 exd5 25. Rac1 Bxb4 26. Qxb4 Re8 27. Qh4+ Kd7 28. Qa4+ Kd8 29. Qc6 Ree5 30. f4 Rxf4 31. Rxd5+ Rxd5 32. Qxd5+ Ke7 33. Rc6 Rf6 34. Qe4+ Kf7 1/2-1/2

[Event "Wch U20 59th"]
[Site "Cala Gonone"]
[Date "2022.10.19"]
[Round "8"]
[White "Brahami, Lamine"]
[Black "Veiga, Jose Francisco RP"]
[Result "1/2-1/2"]
[WhiteElo "2188"]
[BlackElo "2409"]
[PlyCount "95"]
[EventDate "2022.10.12"]
[EventType "swiss"]
[EventRounds "11"]
[EventCountry "ITA"]
[SourceTitle "CBM 210 Extra"]
[Source "ChessBase"]
[SourceDate "2022.11.30"]
[SourceVersion "1"]
[SourceVersionDate "2022.11.30"]
[SourceQuality "1"]

1. d4 Nf6 2. c4 g6 3. Nc3 Bg7 4. e4 d6 5. Be2 0-0 6. Be3 e5 7. d5 Nbd7 8. g4 Nc5 9. f3 a5 10. h4 h5 11. Bg5 Qd7 12. Qd2 hxg4 13. Bxf6 Bxf6 14. fxg4 Qe7 15. g5 Bg7 16. h5 f5 17. h6 Bh8 18. Nf3 fxe4 19. Nh4 Bf5 20. 0-0-0 Rf7 21. Qe3 Raf8 22. Rdg1 Kh7 23. Kb1 Qe8 24. Ka1 Nd3 25. Nxe4 Nb4 26. Bd1 b5 27. a3 bxc4 28. axb4 axb4 29. Nxf5 Rxf5 30. Kb1 Qb5 31. Be2 Ra8 32. Nd2 Qa4 33. Bxc4 e4 34. Qb3 Rf2 35. Qxa4 Rxa4 36. Bb3 Ra5 37. Nc4 Rxd5 38. Re1 Rxg5 39. Rxe4 Bf6 40. Re8 d5 41. Rc8 Rh5 42. Rxh5 gxh5 43. Rxc7+ Kxh6 44. Na5 Rxb2+ 45. Kc1 h4 46. Rc2 Rxc2+ 47. Kxc2 d4 48. Nc6 1/2-1/2

[Event "Wch U20 59th"]
[Site "Cala Gonone"]
[Date "2022.10.15"]
[Round "5"]
[White "Stremavicius, Pijus"]
[Black "Brahami, Lamine"]
[Result "1-0"]
[WhiteElo "2363"]
[BlackElo "2188"]
[PlyCount "73"]
[EventDate "2022.10.12"]
[EventType "swiss"]
[EventRounds "11"]
[EventCountry "ITA"]
[SourceTitle "CBM 210 Extra"]
[Source "ChessBase"]
[SourceDate "2022.11.30"]
[SourceVersion "1"]
[SourceVersionDate "2022.11.30"]
[SourceQuality "1"]

1. d4 Nf6 2. c4 g6 3. Nc3 Bg7 4. e4 d6 5. Be2 0-0 6. Be3 e5 7. d5 Ne8 8. g4 f5 9. gxf5 gxf5 10. exf5 Bxf5 11. Nf3 c5 12. Rg1 Kh8 13. Ng5 Nf6 14. Bd3 e4 15. Ncxe4 Nxe4 16. Bxe4 Bxe4 17. Nxe4 Qh4 18. Qg4 Qxg4 19. Rxg4 Nd7 20. Nxd6 Bxb2 21. Rb1 Bc3+ 22. Ke2 b6 23. Nb5 Be5 24. Bh6 Rfe8 25. Kf1 Rg8 26. Rxg8+ Rxg8 27. h3 a6 28. Na7 Rg6 29. Be3 Kg7 30. Nc6 Bd6 31. a4 Kf7 32. a5 Bh2 33. Ke2 bxa5 34. Rb7 Ke8 35. Ra7 Rg1 36. Rxa6 Bc7 37. Ra8+ 1-0

[Event "Titled Tuesday intern op 30th Aug Late"]
[Site "Chess.com INT"]
[Date "2022.08.30"]
[Round "8"]
[White "Brahami, Lamine"]
[Black "Fernandez Hernandez, Gerardo"]
[Result "1-0"]
[WhiteElo "2189"]
[BlackElo "2169"]
[PlyCount "45"]
[EventDate "2022.08.30"]
[EventType "swiss (blitz)"]
[EventRounds "11"]
[EventCountry "USA"]
[SourceTitle "EXT 2023"]
[Source "ChessBase"]
[SourceDate "2022.10.05"]
[SourceVersion "1"]
[SourceVersionDate "2022.10.05"]
[SourceQuality "1"]

1. d4 Nf6 2. c4 c5 3. d5 b5 4. cxb5 a6 5. b6 d6 6. a4 Qxb6 7. Nc3 g6 8. e4 Bg7 9. h3 0-0 10. a5 Qd8 11. Nf3 Nbd7 12. Bd3 Ne8 13. 0-0 Nc7 14. Nd2 Ne5 15. Be2 g5 16. Nc4 Nxc4 17. Bxc4 h6 18. h4 e6 19. hxg5 hxg5 20. Qh5 exd5 21. Bxg5 f6 22. Nxd5 Qe8 23. Nxc7+ 1-0

[Event "Olympiad-44"]
[Site "Chennai"]
[Date "2022.08.09"]
[Round "11.2"]
[White "Tissir, Mohamed"]
[Black "Brahami, Lamine"]
[Result "1-0"]
[WhiteElo "2366"]
[BlackElo "2189"]
[PlyCount "47"]
[EventDate "2022.07.29"]
[EventType "team-swiss"]
[EventRounds "11"]
[EventCountry "IND"]
[SourceTitle "CBM 210"]
[Source "ChessBase"]
[SourceDate "2022.10.31"]
[SourceVersion "1"]
[SourceVersionDate "2022.10.31"]
[SourceQuality "1"]
[WhiteTeam "Morocco"]
[BlackTeam "Algeria"]
[WhiteTeamCountry "MAR"]
[BlackTeamCountry "ALG"]

1. e4 c5 2. Nf3 d6 3. d4 cxd4 4. Nxd4 Nf6 5. Nc3 a6 6. Bc4 e6 7. Bb3 Be7 8. g4 0-0 9. g5 Nfd7 10. h4 Nc5 11. Rg1 b5 12. Qe2 b4 13. Na4 Bd7 14. Nxc5 dxc5 15. Nf3 Bb5 16. Bc4 Qb6 17. h5 Bxc4 18. Qxc4 Qb5 19. Qe2 Nc6 20. Be3 Rfd8 21. Nd2 Nd4 22. Bxd4 Rxd4 23. b3 Qxe2+ 24. Kxe2 1-0

[Event "Titled Tuesday intern op 26th Apr Early"]
[Site "Chess.com INT"]
[Date "2022.04.26"]
[Round "6"]
[White "Brahami, Lamine"]
[Black "Piliczewski, Bogusz"]
[Result "0-1"]
[WhiteElo "2222"]
[BlackElo "1912"]
[PlyCount "38"]
[EventDate "2022.04.26"]
[EventType "swiss (blitz)"]
[EventRounds "11"]
[EventCountry "USA"]
[SourceTitle "CBM 208 Extra"]
[Source "ChessBase"]
[SourceDate "2022.07.31"]
[SourceVersion "1"]
[SourceVersionDate "2022.07.31"]
[SourceQuality "1"]

1. d4 d5 2. c4 c6 3. Nc3 Nf6 4. Bg5 Ne4 5. Nxe4 dxe4 6. Bf4 g6 7. e3 Bg7 8. Ne2 0-0 9. Nc3 f5 10. Be2 Nd7 11. 0-0 e5 12. dxe5 Nxe5 13. Qxd8 Rxd8 14. Rfd1 Be6 15. c5 Nc4 16. Bxc4 Bxc4 17. Bg5 Rd3 18. Rxd3 Bxd3 19. Rd1 Re8 0-1

[Event "Titled Tuesday intern op 22 Mar Late"]
[Site "Chess.com INT"]
[Date "2022.03.22"]
[Round "4"]
[White "Brahami, Lamine"]
[Black "Rangel, Daniel"]
[Result "0-1"]
[WhiteElo "2226"]
[BlackElo "2207"]
[PlyCount "34"]
[EventDate "2022.03.22"]
[EventType "swiss (blitz)"]
[EventRounds "11"]
[EventCountry "USA"]
[SourceTitle "CBM 207 Extra"]
[Source "ChessBase"]
[SourceDate "2022.05.31"]
[SourceVersion "1"]
[SourceVersionDate "2022.05.31"]
[SourceQuality "1"]

1. d4 Nf6 2. c4 g6 3. Nc3 Bg7 4. e4 0-0 5. Be2 d6 6. Be3 Nc6 7. d5 Ne5 8. h3 c6 9. f4 Ned7 10. Nf3 a6 11. 0-0 cxd5 12. cxd5 b5 13. b4 Bb7 14. Nd4 Rc8 15. Rc1 Nb6 16. Kh1 Nc4 17. a4 Nxe3 0-1

[Event "Titled Tuesday intern op 22 Mar Late"]
[Site "Chess.com INT"]
[Date "2022.03.22"]
[Round "3"]
[White "Brahami, Lamine"]
[Black "Ronka, Erik"]
[Result "1-0"]
[WhiteElo "2226"]
[BlackElo "2355"]
[PlyCount "37"]
[EventDate "2022.03.22"]
[EventType "swiss (blitz)"]
[EventRounds "11"]
[EventCountry "USA"]
[SourceTitle "CBM 207 Extra"]
[Source "ChessBase"]
[SourceDate "2022.05.31"]
[SourceVersion "1"]
[SourceVersionDate "2022.05.31"]
[SourceQuality "1"]

1. d4 d5 2. c4 c6 3. Nc3 Nf6 4. Nf3 e6 5. e3 Nbd7 6. Qc2 Bd6 7. cxd5 exd5 8. Bd3 0-0 9. 0-0 Re8 10. Rb1 Nf8 11. h3 a5 12. a3 Ne6 13. Bd2 g6 14. Rfe1 Ng7 15. b4 axb4 16. axb4 b5 17. e4 dxe4 18. Nxe4 Nd5 19. Qxc6 1-0

[Event "Titled Tuesday intern op 22 Mar Late"]
[Site "Chess.com INT"]
[Date "2022.03.22"]
[Round "8"]
[White "Vusatiuk, Vladimir"]
[Black "Brahami, Lamine"]
[Result "0-1"]
[WhiteElo "2308"]
[BlackElo "2226"]
[PlyCount "102"]
[EventDate "2022.03.22"]
[EventType "swiss (blitz)"]
[EventRounds "11"]
[EventCountry "USA"]
[SourceTitle "CBM 207 Extra"]
[Source "ChessBase"]
[SourceDate "2022.05.31"]
[SourceVersion "1"]
[SourceVersionDate "2022.05.31"]
[SourceQuality "1"]

1. Nc3 d5 2. f4 Nf6 3. Nf3 g6 4. e3 Bg7 5. d4 0-0 6. Bd3 Nbd7 7. 0-0 c5 8. Ne5 c4 9. Be2 a6 10. Bf3 e6 11. a4 Ne8 12. e4 Ndf6 13. exd5 exd5 14. Bd2 Bf5 15. Be1 Ne4 16. Bxe4 Bxe4 17. Nxe4 dxe4 18. Bb4 Nd6 19. c3 Re8 20. Bxd6 Qxd6 21. Nxc4 Qc6 22. Ne3 b5 23. axb5 axb5 24. Qb3 Rab8 25. Ra7 Rf8 26. f5 Qb6 27. Re7 Qd6 28. Rxe4 b4 29. fxg6 hxg6 30. Qd5 Qc7 31. Qc4 Qxc4 32. Nxc4 bxc3 33. bxc3 Rbc8 34. Nd6 Rxc3 35. Rd1 Rd8 36. Nb5 Rb3 37. Nc7 Rb7 38. Na6 Rbd7 39. Kf1 Rxd4 40. Rexd4 Rxd4 41. Rd3 Rxd3 42. Nc5 Ra3 43. Ne4 Bd4 44. Ke2 Kg7 45. h3 Re3+ 46. Kd2 Rxe4 47. Kd3 Rf4 48. Ke2 Rf2+ 49. Kd3 Rxg2 50. h4 Rh2 51. h5 Rxh5 0-1

[Event "Titled Tuesday intern op 01st Feb-A"]
[Site "Chess.com INT"]
[Date "2022.02.01"]
[Round "4"]
[White "Brahami, Lamine"]
[Black "Gines Esteo, Pedro Antonio"]
[Result "0-1"]
[WhiteElo "2244"]
[BlackElo "2419"]
[PlyCount "148"]
[EventDate "2022.02.01"]
[EventType "swiss (blitz)"]
[EventRounds "11"]
[EventCountry "USA"]
[SourceTitle "CBM 206 Extra"]
[Source "ChessBase"]
[SourceDate "2022.03.31"]
[SourceVersion "1"]
[SourceVersionDate "2022.03.31"]
[SourceQuality "1"]

1. d4 Nf6 2. c4 e6 3. Nf3 a6 4. g3 b5 5. Bg2 bxc4 6. Ne5 d5 7. Nxc4 Be7 8. 0-0 0-0 9. Ne5 a5 10. Nc3 c5 11. Be3 cxd4 12. Bxd4 Ba6 13. Re1 Nfd7 14. Nxd7 Nxd7 15. e4 e5 16. exd5 exd4 17. d6 Bxd6 18. Bxa8 Qxa8 19. Qxd4 Bc5 20. Qxd7 Qf3 21. Ne4 Bb7 22. Qxb7 Bxf2+ 23. Nxf2 Qxb7 24. Re2 h5 25. Rae1 a4 26. Ne4 Qd5 27. Nc3 Qd4+ 28. Kg2 a3 29. Nd1 Qd5+ 30. Kg1 Qxa2 31. bxa3 Qxa3 32. Nf2 Rd8 33. Re3 Qc5 34. Nh3 Rd3 35. Kf2 Qf5+ 36. Nf4 Rxe3 37. Kxe3 g5 38. Nd3 Kg7 39. Re2 Qf1 40. Rf2 Qg1 41. Ke2 f6 42. Ne1 Qh1 43. Nf3 Qb1 44. Nd2 Qb5+ 45. Ke1 Qe5+ 46. Kf1 Qd5 47. Ke1 Qh1+ 48. Ke2 Kg6 49. Nf1 Qd5 50. Ne3 Qb5+ 51. Ke1 Qb1+ 52. Ke2 Qe4 53. Kd2 h4 54. gxh4 Qxh4 55. Ke2 Qb4 56. Kf1 Qb5+ 57. Kg2 Qe5 58. Nf1 f5 59. Ng3 f4 60. Nf1 Qe4+ 61. Kg1 Kh5 62. h3 Kh4 63. Rg2 Qd4+ 64. Kh2 Qd6 65. Rg4+ Kh5 66. Kg2 Qc6+ 67. Kg1 Qc5+ 68. Kh2 Qf2+ 69. Rg2 Qxf1 70. h4 Qxg2+ 71. Kxg2 Kxh4 72. Kf3 Kh3 73. Ke4 g4 74. Kxf4 g3 0-1